Tunnista kappale ensimmäisistä säkeistä #6 - Statistics

Yleistilastot
  • Tätä visaa on pelattu 82 kertaa
  • Keskiarvotulos 14 / 40
Vastaustilastot
Hint Vastaus % Oikein
Minä odotan täällä tunnelissa/Jossa valo kylmä hohtaa/Jossa pimeän koirat ulvoen/Tuon kirkkauden kuoron kohtaa PMMP Lautturi
78%
Herätys on nyt uni häviää/Uni jossa naurat et muista enempää/Seinän takaa kuulet naisen kysyvän/Kumpi meistä tahtoi tämän elämän Juha Tapio Sitkeä sydän
76%
Sä oot niin nätti et sä pilaat kaikki muut/Täältä kun lähdit on tilallasi sun Viivi & Robin Ihana kipu
75%
Pikavipillä saatiin lomasetti/Kohteena Visulahden vahakabinetti Arttu Wiskari Tässäkö tää oli?
74%
Siipiinsä keijupölyä hän hieroi aamuisin/Että vastatuulessakin lentää jaksaisi/Kovat oli ajat ollu hällä takana Chisu Yksinäisen keijun tarina
74%
Turha opettaa mua/Ristiin jalkojani laittaa/Synnyin syntiseksi/ Sori jos se sua haittaa Erika Wikman Cicciolina
63%
Taas koko kaupunki näki/Kun olin ihan pelti kii/ Mis me ollaan/Onneks sä oot siin Aliisa Syrjä 2:02
62%
Vanhan sillan luona taas/Poika rinnan tyttö lasta/Virran tahtoo ylittää Yö/Suvi Teräsniska Pettävällä jäällä
60%
Me kävellään vasten tuulta/Mut ei se tunnu viileeltä/Sä oot aina ollut frendi/Mut tänään sä oot viel enemmän Robin Onnellinen
56%
Mä tulin kaukaa tulevaisuudesta/Sieltä missä ei oo mitään/ Oon se pieni poika kapselissa/Tulin elämää etsimään Anna Puu & Olavi Uusivirta 2020
54%
Istun taksin takapenkillä/Myöhässä sieltä mihin piti mennä Täytyis kiittää et oon elossa/Mut pääni on päivittäin pelossa Ellinoora (Vain elämää) Matkalla
53%
Särjetty ja satutettu sinua on monta kertaa/Ja nyt kuvittelet, että se on sinä, jonka päässä viiraa Janna Sä et ole hullu
51%
Kun tie mua vie/Mä ikävöin sun kuiskauksii/Ja kun vieressä oot/ Niin unohdun mun ajatuksiin Kuumaa Satama
46%
No eihä tää nyt näytä paljolta/Pieni kylä maantien varrella/ Jos nimee etsit kartalta/Sun pitää lähelle zoomata Olli Halonen Kylä keskellä ei mitään
44%
Sä istut takki päällä olkkarissa/Mä katon kun sä solmit kengännauhoja/Mä sanon että alkaa satamaan/ Sä sanot, että ihan miten vaan Laura Närhi Supersankari
44%
Minä sinulle tehdä jos saisin/Sitä mitä silloin en kehdannut kysyäkään/Rinnoista sua puristaisin/Kun ei ne piilossa tahtoneet pysyäkään Leevi and the leavings Sopivasti lihava
41%
Sä varmaan luit mun päiväkirjat/Ku osuit just oikeeseen paikkaan, oikeeseen aikaan/Jo alkuun sovittiin et vaikka välillä sattuis niin Pehmoaino Haluun takas mun perhoset
35%
Mä luulin ettet saanut henkivakuutusta/Siks olin yllättynyt äsken puhelusta pankin/Kyydin konttorille hankin Arttu Wiskari Minna
35%
Jou, jee, ah/Kun sä löysit mut tuolta/Mä olin sekasin, mut näin et heti hyvä täpinä/Sovittiin et me nähtäis selvinpäin/Taidat olla selvännäkijä Elastinen Supervoimii
35%
Muurit nyt murtukoot/sydän parka huutakoon/Antaa tulla mitä vaan/Lupausten sanat syön/Vuoden ensimmäinen yö Lauri Tähkä Jääkukkia
32%
Sulle kannan kaiken/Vaikket mitään pyydä/Liukumäen rappusista teen Erin On elämä laina
32%
Hei älä herätä, pidä mua niin/Kuin et ikinä ikinä ikinä päästäisi irti/ Kysyt jos meillekin käykin vain niin Behm Tivolit
31%
Mulle on luvattu kultaa jos maasta sen kaivan/ja harjun lavalta kuulen kaukana siintävän maan Vesala Tytöt ei soita kitaraa
31%
Nostan taas kädet korville/Kun lapset laulaa let it go:ta puistossa/Toistelen taas samaa sanaa päässä/Jotta tää aivosirkus hetken pysyis aisoissa Haloo Helsinki Pelikaani
29%
Kuka sä oikein oot sanomaan/Et mä oon rikki hei/Mä en oo rikki vaan vähän kulunut Vilma Alina Palasina
28%
Verhot auki herätys häpeään/Ei maailmanloppua ois saatu tänäänkään/Kaduttaa miks mä menin kertomaan/Taipumuksistani tähän ongelmaan Behm & Keko salata Minä vai maailma
21%
Kauan aikaa sitten annoit Hänelle huoneesi avaimen/ Yksinäisyyteesi päästit sisään uuden ihmisen Särkynyt enkeli
19%
Kaikki ne katastrofit joita sä pelkäsit/Ne toteutui/Tuli vedenpaisumus ja tuli tuhotulva/Mut sä vielä uit Vesala Uusia unelmia
19%
Meiän piti käydä lapissa/Mun piti opetella skeittamaan/Sun piti neuloo villapaita/Mut ei siit tullu sukkaakaan Ville Veikka 100 asiaa
13%
On paljon asioita joihin mulla on valtaa/Mut sua en voi pakottaa/Mua yhtä paljon haluumaan Anna Puu Tarviin vielä yhden yön aikaa
13%
Kesällä olo on surullinen/No tiedäthän sä sen/Kun valvot viideltä aamulla/Pääs menneisyyden kuvia Ellinoora Meille käy hyvin
13%
Eilisilta oli farssi/Ja aamu niin ku morsian/Eilen sä tappelit ja tanssit/Tänään pääsi on ku pronssia Sanni Mielenmaisemat
13%
Joka aamu/katsoo peilistä mua sama haamu/Viikonloppu on silmien alla/Uskoin taas tosirakkauteen Kaija Koo En pelkää pimeää
12%
Joen pinnas heijastukset/Kahden nuoren ihmisen/ Oli keskuspuiston lehmuksissa ruskaa Frans Harju Minä sydän sinä
12%
Voittaa painostava helle voittaa sysimusta yö/Siinä annettu on/jokaiselle oikeus ja työ Suvi Teräsniska Uusi aamunkoi
10%
Muistan sateisen festarin/Hiuksiis bajamajassa pitelin/Oltiin niin 20 kesäsii oikeesti vielä lapsii Laura Voutilainen Liljankukka
9%
Minä olen vuosia harhaillut/rti yksin tuulissa leijaillut/ Luulin tää tunne ei oo mulle kuuluvaa Kaija Koo Onnellinen loppu
9%
Sanot aina kuinka kaunis oon/Rauhoitat mua kun mä oon rauhaton/Teet taas aamupalaa huomenna/Sä tekisit mitä vaan mun puolesta Viivi Ainoa miinus
4%
Kohta aamu sarastaa/Me ollaan vielä nuoria/Pitkin sillan kaidetta kävelit hymy huulilla/Sä olit uhkarohkea/Mä olin hulluna susta Mikko harju Timantti
4%
Nyt riittää, että sä hengität/Tää on taas niitä päiviä/Kun sun vuori on kiivetä sängystä/Etkä otetta mistään saa Jannika B Ihmisen muotoinen
1%
Ehtoja vastaavia visoja ei löytynyt
Tulosjakauma
Jokaisen tuloksen saaneiden osuus
Persentiili vastausten määrän mukaan
Tuloshistoriasi
Et ole pelannut tätä visaa